000 00361 a2200169 4500
001 186820
020 _a85-260-1009-3
040 _cMagnum
100 _aQueiros, Bartolomeu Campos
240 1 0 _aAs patas da vaca
_lpor
245 1 0 _aAs patas da vaca
300 _a12
362 0 _a2005
440 1 _aGlobal
697 _aLITERATURA INFANTIL
942 _cBK
999 _c186820
_d186820